000 00626nam a2200229Ia 4500
003 OSt
005 20220926041638.0
006 a|||||r|||| 00| 0
007 ta
008 220923b |||||||| |||| 00| 0 eng d
037 _cGeneral Book
040 _aRTL
_cRTL
_beng
041 _2eng
_aeng
082 _aW:72, J5
100 _aMacmahon Arthur W Ed.
_9345150
245 0 _aFederalism
_b mature and emergent
260 _c1955
490 _aCoulmbia University Bicentennial Conference Series
650 _aFederalism
942 _hW:72, J5
_cGB
_2CC
999 _c667692
_d667692